|
|
|
|
| LEADER |
00000nab a2200000 a 4500 |
| 001 |
vtls008851343 |
| 003 |
SK-MaSNL |
| 005 |
20260303062724.0 |
| 008 |
140303c2006 xo wrzp 0 0slo |
| 015 |
|
|
|a SNBRB2006/09
|2 snkbucl
|
| 040 |
|
|
|a SNKBUCL
|b slo
|c SNKBUCL
|e AACR2
|
| 041 |
0 |
|
|a slo
|
| 044 |
|
|
|a xo
|c SK
|
| 080 |
|
|
|a 616-085:615.036
|2 1997
|
| 080 |
|
|
|a 615.2.036
|2 1997
|
| 100 |
1 |
|
|a Kriška, Milan,
|d 1940-
|4 aut
|9 207645
|
| 245 |
1 |
0 |
|a Kvalita farmakoterapie a bezpečnosť liekov: kto má byť zodpovedný?
|c Milan Kriška, Monika Laššánová
|
| 300 |
|
|
|a Fotogr.
|
| 650 |
0 |
7 |
|a lieky
|x bezpečnosť
|2 snkbucl
|9 852606
|
| 650 |
0 |
7 |
|a farmakoterapia
|x bezpečnosť
|2 snkbucl
|9 1058872
|
| 700 |
1 |
|
|a Laššánová, Monika,
|d 1972-
|4 aut
|9 224504
|
| 773 |
0 |
|
|t Zdravotnícke noviny
|g Roč. XI, č. 28 (2006)
|x 1335-4477
|
| 773 |
0 |
8 |
|t Lekárske listy
|g Č. 28 (2006), s. 9-11
|
| 852 |
|
|
|a SNK
|b KIS3GCP
|
| 958 |
|
|
|a ME
|
| 958 |
|
|
|a SK
|
| 999 |
|
|
|c 1740306
|d 1742236
|